Očerki teorii ethosa /

Hlavní autor: Bromlej, Julian Vladimirovič, 1921-1990
Jazyk: Ruština
Vydáno: Moskva : Nauka, 1983
Témata:
Fyzický popis: 411 s.
Knihy
Uloženo v:
LEADER 00811nam a2200241 a 4500
001 000530481
003 CZ BrMZK
005 20100906124525.0
007 ta
008 000105s1983 ru f rus d
040 |a BOA001  |b cze 
080 |a 17.023.32  |2 MRF 
080 |a 342.1  |2 MRF 
100 1 |a Bromlej, Julian Vladimirovič,  |d 1921-1990  |7 skuk0000169  |4 aut 
245 1 0 |a Očerki teorii ethosa /  |c Julian Vladimirovič Bromlej 
260 |a Moskva :  |b Nauka,  |c 1983 
300 |a 411 s. 
910 |a BOA001  |b 2-0865.649  |b PK-0096.020 
920 |a 000218018 
964 |a Národ - teorie - studie 
990 |a BK 
996 7 |b 2619743976  |c 2-0865.649  |l MZK  |r Sklad / do 1 hodiny  |n 2  |w 000530481  |u 000010  |a 1  |e BOA001  |j MZK50  |s A 
996 7 |b 3119905097  |c PK-0096.020  |l MZK  |r Sklad / do 1 hodiny  |n 0  |w 000530481  |u 000020  |a 1  |e BOA001  |j MZK50  |s A